000 00299nam a22001337a 4500
008 171122b xxu||||| |||| 00| 0 eng d
020 _a9780321664143
041 _aeng
080 _a51
100 _a37
101 _aMAT
245 _aCALCULUS EARLY TRANSCENDENTALS
_cBRIGGS.C
942 _2udc
_cBK
999 _c38291
_d38291